| 000 | 01465nac a22003731u 4500 | ||
|---|---|---|---|
| 003 | EG-ScBUE | ||
| 005 | 20220613103049.0 | ||
| 008 | 100701t2005 enka f 000 0 eng d | ||
| 020 | _a0582825180 (Teacher's resource book) | ||
| 020 | _a9780582825185 (Teacher's resource book) | ||
| 040 |
_aEG-ScBUE _beng _erda _cEG-ScBUE _dEG-ScBUE |
||
| 082 | 0 | 4 |
_a428.24 _bBAR _222 |
| 100 | 1 |
_aBarker, Helen, _eauthor. _98592 |
|
| 245 | 1 | 0 |
_aNew Cutting Edge : _bIntermediate, _pTeacher's resource book / _cHelen Barker with Sarah Cunningham; Peter Moor |
| 246 | 3 | 0 | _aTeacher's resource book |
| 264 | 1 |
_aHarlow, England : _bPearson Education Limited, _c[2005] |
|
| 264 | 4 | _cc2005 | |
| 300 |
_a175 pages : _billustrations ; _c28 cm + _e3 Class Cassettes |
||
| 336 |
_2rdacontent _atext _btxt |
||
| 336 |
_2rdacontent _aspoken word _bspw |
||
| 337 |
_2rdamedia _aunmediated _bn |
||
| 337 |
_2rdamedia _aaudio _bs |
||
| 338 |
_2rdacarrier _avolume _bnc |
||
| 338 |
_2rdacarrier _aaudiocassette _bss |
||
| 650 | 7 |
_aEnglish language _vTextbooks for foreign speakers. _2BUEsh _913993 |
|
| 650 | 7 |
_aEnglish language _xStudy and teaching _xForeign speakers. _2BUEsh _910860 |
|
| 650 | 7 |
_aEnglish language _xGrammar _vProblems, exercises, etc. _2BUEsh _913890 |
|
| 651 | _2BUEsh | ||
| 653 | _bHHUUEENN | ||
| 655 |
_vReading book _934232 |
||
| 700 | 1 |
_aCunningham, Sarah, _d1960- _eauthor. _914281 |
|
| 700 | 1 |
_aMoor, Peter, _d1957- _eauthor. _914290 |
|
| 942 |
_cTR _k428.24 BAR _2ddc |
||
| 999 |
_c14846 _d14846 |
||